000 00964nam a2200265Ia 4500
003 OSt
005 20221005104432.0
006 a|||||r|||| 00| 0
007 ta
008 221004b |||||||| |||| 00| 0 hin d
020 _a9788176673068 (hbk)
_c350
024 _a26139
037 _b2339, 19/03/2016, Success Book Service
_cTextual
040 _aCRL
_cCRL
_bhin
041 _2hin
_ahin
082 _aO152wN, Q5
100 _aचन्देल, रूपसिंह
245 0 _aसाहित्यकार
_b संवाद और विचार
246 _aSāhityakāra: sanvād aur vichāra
260 _aदिल्ली
_bभावना प्रकाशन भारत
_c2015
300 _a176पृ0
_ccm.
650 _aहिन्दी साहित्य
942 _hO152wN, Q5
_cTEXL
_2cc
999 _c1012715
_d1012715